|
|
|
|
| LEADER |
00000nab a2200000 ar4500 |
| 001 |
vtls008964157 |
| 003 |
SK-MaSNL |
| 005 |
20260303070807.0 |
| 008 |
070416c2007 xo wr|p|||||||000 b|slo |
| 038 |
|
|
|a PPPK
|
| 040 |
|
|
|a PPPKCL
|b slo
|c PPPK
|e AACR2
|
| 041 |
0 |
|
|a slo
|
| 044 |
|
|
|a xo
|c SK
|
| 080 |
|
|
|a 908(437.67)
|2 1997
|
| 245 |
0 |
0 |
|a Po Tatranských cestách k samostatnosti pripravuje Prechádzky starým Popradom
|c [autor] (mar) ; foto Marta Marová
|
| 300 |
|
|
|b Fotogr.
|
| 600 |
1 |
7 |
|a Argalács, Mikuláš,
|d 1942-
|2 pppkcl
|9 102749
|
| 600 |
1 |
7 |
|a Argalács, Mikuláš
|d 1942-
|t Tatranské cesty k samostatnosti
|2 pppkcl
|9 1050014
|
| 611 |
2 |
7 |
|a Tatranský galavečer
|d (2007 :
|c Vysoké Tatry, Slovensko)
|2 pppkcl
|9 1068702
|
| 650 |
0 |
7 |
|a prezentácia kníh
|2 pppkcl
|9 862333
|
| 651 |
|
7 |
|a Vysoké Tatry (Slovensko : mesto)
|2 pppkcl
|9 176366
|
| 700 |
1 |
|
|a Marová, Marta
|4 pht
|9 526962
|
| 773 |
0 |
|
|t Poprad : noviny občanov mesta
|g Roč. XVIII, č. 22 (2007), s. 3
|
| 852 |
|
|
|a PPPK
|b KIS3GCP
|
| 856 |
|
|
|u www.noviny-poprad.sk
|
| 999 |
|
|
|c 1756961
|d 1758891
|